Constitution of Bangladesh: People, politics and judicial intervention (Record no. 395254)

MARC details
000 -LEADER
fixed length control field 00565 a2200205 4500
005 - DATE & TIME
control field 20260210105400.0
008 - FIXED-LENGTH DATA ELEMENTS--GENERAL INFORMATION
fixed length control field 260209b |||||||| |||| 00| 0 eng d
020 ## - ISBN
International Standard Book Number 9781032668024
Price Rs. 1295.00
040 ## - CATALOGING SOURCE
Original cataloging agency VIVEKANANDA LIBRARY
082 ## - DDC NUMBER
Classification number 342.5492
Book Number K527C
100 ## - MAIN ENTRY--PERSONAL NAME
Personal name Khan, Arafat Hosen
245 ## - TITLE STATEMENT
Title Constitution of Bangladesh: People, politics and judicial intervention
260 ## - PUBLICATION, DISTRIBUTION, ETC. (IMPRINT)
Name of publisher, distributor, etc Routledge
Date of publication, distribution, etc 2024
Place of publication, distribution, etc New York
300 ## - PHYSICAL DESCRIPTION
Pages vii, 191
650 ## - Subject
Subject Constitutional Law
650 ## - Subject
Subject South Asia
650 ## - Subject
Subject Bangladesh
650 ## - Subject
Subject Democracy
942 ## - ADDED ENTRY ELEMENTS (KOHA)
Koha item type Books
Holdings
Withdrawn status Lost status Source of classification or shelving scheme Damaged status Not for loan Location (home branch) Sublocation or collection (holding branch) Shelving location Date acquired Koha issues (times borrowed) Koha full call number Accession No. Koha date last seen Koha item type
    Dewey Decimal Classification     VIVEKANANDA LIBRARY VIVEKANANDA LIBRARY Vivekananda Library 22/01/2026   342.5492 K527C 444469 22/01/2026 Books
© Designed and Maintained by Vivekananda Library, MDU Rohtak